Normal view
MARC view
- Orman, Suze.
Entry Personal Name
001 - CONTROL NUMBER
- control field: 10047
003 - CONTROL NUMBER IDENTIFIER
- control field: NUST
005 - DATE AND TIME OF LATEST TRANSACTION
- control field: 20180228042637.0
008 - FIXED-LENGTH DATA ELEMENTS
- fixed length control field: 180228|| aca||aabn | a|a d
040 ## - CATALOGING SOURCE
- Original cataloging agency: NUST
- Transcribing agency: NUST
100 ## - HEADING--PERSONAL NAME
- Personal name: Orman, Suze.
670 ## - SOURCE DATA FOUND
- Source citation: Work cat.: (NUST)0: Orman, Suze., The courage to be rich :, 1999.
